000 00302nam a22001337a 4500
008 181105b xxu||||| |||| 00| 0 eng d
020 _a9780534376123
041 _aeng
080 _a510
100 _a37
101 _aMAT
245 _aCalculus Concepts And Context
_cStewart.J
942 _2udc
_cBK
999 _c51795
_d51795